| 000 | 00879nam a2200265Ia 4500 | ||
|---|---|---|---|
| 003 | OSt | ||
| 005 | 20220926032417.0 | ||
| 006 | a|||||r|||| 00| 0 | ||
| 007 | ta | ||
| 008 | 220923b |||||||| |||| 00| 0 eng d | ||
| 020 |
_a9783319984032 _c2009.45 |
||
| 037 |
_b57252, 15/02/2019, Segment Book Distributors _cGeneral Book |
||
| 040 |
_aRTL _cRTL _beng |
||
| 041 |
_2eng _aeng |
||
| 082 | _aXxN27, Q8 | ||
| 100 |
_aSMITH Vernon L _9234898 |
||
| 245 | 0 |
_aLife of experimental economics _b Forty years of discovery. Vol.1 |
|
| 260 |
_aSwitzerland _bPalgrave Macmillian _c2018 |
||
| 300 |
_axvii,270p _ccm. |
||
| 490 | _aResearch in Consumer Behavior;vol.10 | ||
| 500 | _aBibliography chapterwise | ||
| 650 | _aEconomics | ||
| 942 |
_hXxN27, Q8 _cGB _2CC |
||
| 999 |
_c654642 _d654642 |
||